Un sindicalismo del sector público/
Сохранить в:
| Главный автор: | |
|---|---|
| Формат: | |
| Язык: | Spanish |
| Опубликовано: |
Heredia, Costa Rica
CEDAL
1992
|
| Предметы: | |
| Метки: |
Добавить метку
Нет меток, Требуется 1-ая метка записи!
|
MARC
| LEADER | 00000nam a22000007a 4500 | ||
|---|---|---|---|
| 003 | cru CIDCACS/IIS | ||
| 005 | 20231207161949.0 | ||
| 008 | 231207b1992 cr ||||| |||| 00| 0 spa d | ||
| 020 | |a 9977-956-34-0 | ||
| 040 | |a cru CIDCACS/IIS |c cru CIDCACS/IIS | ||
| 100 | 1 | |a Rojas Bolaños, Manuel |9 4426 | |
| 245 | 1 | 3 | |a Un sindicalismo del sector público/ |c Manuel Rojas Bolaños |
| 260 | |a Heredia, Costa Rica |b CEDAL |c 1992 | ||
| 300 | |a páginas 161-189 | ||
| 650 | 0 | 0 | |a SINDICALISMO |0 TESAUROS |2 OCDE |9 2228 |
| 650 | 0 | 0 | |a SECTOR PUBLICO |2 TESAUROS |9 2374 |0 TESAUROS |
| 650 | 0 | 0 | |a CRISIS POLITICA |2 TESAUROS |9 3697 |0 TESAUROS |
| 650 | 0 | 0 | |a CRISIS ECONOMICA |2 TESAUROS |9 6343 |0 TESAUROS |
| 650 | 0 | 0 | |a MOVIMIENTOS POPULARES |2 TESAUROS |9 6915 |0 TESAUROS |
| 650 | 0 | 0 | |a ADAPTACION AL CAMBIO |2 TESAUROS |9 511 |0 TESAUROS |
| 650 | 0 | 7 | |2 TESAUROS |0 TESAUROS |
| 650 | 0 | 7 | |2 TESAUROS |0 TESAUROS |
| 650 | 0 | 7 | |2 TESAUROS |0 TESAUROS |
| 773 | 0 | |t El nuevo rostro de Costa Rica |o 03.02.01 V728n | |
| 942 | |2 z |c LI |h <script>document.querySelector('[id^="tag_090_subfield_a"]').value</script> |6 SCRIPTDOCUMENTQUERYSELECTORIDTAG_090_SUBFIELD_AVALUESCRIPT | ||
| 999 | |c 45400 |d 45400 | ||
| 773 | 0 | |0 10982 |9 2932 |a Villasuso Estomba, Juan Manuel |d Heredia: CEDAL, |o 12209 |t El Nuevo rostro de Costa Rica / |w ()3701 |z [sin ISBN] | |



